000 00600nam a2200253Ia 4500
005 20260121154044.0
008 008 260114s9999 xx 000 0 eng d
020 _a9781003265023
037 _aEBOOK
040 _aCRL
040 _beng
040 _cCRL
041 _2eng
041 _aeng
084 _qCRL
100 _a Shelley Nathans
_91002457
245 0 _aMore About Couples on the Couch
260 _bTaylor and Francis
260 _c2023
856 _uhttp://www.taylorfrancis.com/books/9781003265023
942 _cEBOOK
999 _c1569278
_d1569278